La composición de las fuerzas y el problema de los vectores /
| Other Authors: | |
|---|---|
| Format: | Book |
| Language: | Spanish |
| Published: |
Madrid, España :
Ediciones Morata,
1975
|
| Subjects: |
MARC
| LEADER | 00000nam a2200000Ia 4500 | ||
|---|---|---|---|
| 008 | 150818b1975 sp ||||| |||| 00| | spa d | ||
| 020 | |a 8471121603 | ||
| 090 | |a 531.6 |b P579c | ||
| 245 | 1 | 3 | |a La composición de las fuerzas y el problema de los vectores / |c Jean Piaget, ...[et al.] |
| 260 | |a Madrid, España : |b Ediciones Morata, |c 1975 | ||
| 300 | |a 191 páginas | ||
| 650 | 1 | 4 | |a VECTORES |9 879 |
| 650 | |a FUERZA | ||
| 700 | |a Piaget, Jean | ||
| 942 | |i 439533 |h 531.6 P579c |2 z |c 01 | ||
| 999 | |c 215 |d 215 | ||
